KOHA-Header-6

Financial institutions management : (Record no. 13278)

000 -LEADER
fixed length control field 01304cam a2200313 i 4500
001 - CONTROL NUMBER
control field 19344398
003 - CONTROL NUMBER IDENTIFIER
control field MAJUKarachi
005 - DATE AND TIME OF LATEST TRANSACTION
control field 20220507124117.0
008 - FIXED-LENGTH DATA ELEMENTS--GENERAL INFORMATION
fixed length control field 161021s2018 nyu 001 0 eng
010 ## - LIBRARY OF CONGRESS CONTROL NUMBER
LC control number 2016047072
020 ## - INTERNATIONAL STANDARD BOOK NUMBER
International Standard Book Number 9781259717772 (alk. paper)
040 ## - CATALOGING SOURCE
Original cataloging agency DLC
Language of cataloging eng
Transcribing agency DLC
Description conventions rda
Modifying agency DLC
042 ## - AUTHENTICATION CODE
Authentication code pcc
043 ## - GEOGRAPHIC AREA CODE
Geographic area code n-us---
082 00 - DEWEY DECIMAL CLASSIFICATION NUMBER
Classification number 332.1068
Edition number 23
Item number 10368
100 1# - MAIN ENTRY--PERSONAL NAME
Personal name Saunders, Anthony,
Dates associated with a name 1949-
Relator term author.
245 10 - TITLE STATEMENT
Title Financial institutions management :
Remainder of title a risk management approach /
Statement of responsibility, etc Anthony Saunders, John M. Schiff Professor of Finance Salomon Center, Stern School of Business, New York University, Marcia Millon Cornett, Professor of Finance, Bentley University.
250 ## - EDITION STATEMENT
Edition statement Ninth Edition.
300 ## - PHYSICAL DESCRIPTION
Extent xxi, 886 pages ;
Dimensions 26 cm
500 ## - GENERAL NOTE
General note Revised edition of the authors' Financial institutions management, [2014]
500 ## - GENERAL NOTE
General note Includes index.
650 #0 - SUBJECT ADDED ENTRY--TOPICAL TERM
Topical term or geographic name as entry element Financial institutions
Geographic subdivision United States
General subdivision Management.
650 #0 - SUBJECT ADDED ENTRY--TOPICAL TERM
Topical term or geographic name as entry element Risk management
Geographic subdivision United States.
650 #0 - SUBJECT ADDED ENTRY--TOPICAL TERM
Topical term or geographic name as entry element Financial services industry
Geographic subdivision United States
General subdivision Management.
700 1# - ADDED ENTRY--PERSONAL NAME
Personal name Cornett, Marcia Millon,
Relator term author.
906 ## - LOCAL DATA ELEMENT F, LDF (RLIN)
a 7
b cbc
c orignew
d 1
e ecip
f 20
g y-gencatlg
942 ## - ADDED ENTRY ELEMENTS (KOHA)
Source of classification or shelving scheme
Koha item type Books
Holdings
Withdrawn status Lost status Source of classification or shelving scheme Damaged status Not for loan Collection code Permanent Location Current Location Shelving location Date acquired Full call number Barcode Date last seen Price effective from Koha item type
          Finance MAJU MAJU Shelf No.B44 2022-05-07 332.1068 10368 2022-05-07 2022-05-07 Finance

Powered by Koha